[Event "Warsaw YMCA Autumn-C 222nd"]
[Site "Warsaw"]
[Date "2019.11.22"]
[Round "10"]
[White "Bartczak, Hanna"]
[Black "Winogrodzki, Jozef"]
[Result "0-1"]
[WhiteElo "1487"]
[BlackElo "1415"]
[PlyCount "60"]
[EventDate "2019.09.19"]
[EventType "tourn"]
[EventRounds "13"]
[EventCountry "POL"]
[SourceTitle "CBM 195 Extra"]
[Source "ChessBase"]
[SourceDate "2020.05.31"]
[SourceVersion "1"]
[SourceVersionDate "2020.05.31"]
[SourceQuality "1"]

1. f4 d5 2. Nf3 Nf6 3. e3 e6 4. d4 Be7 5. c3 b6 6. Bd3 Bb7 7. 0-0 Nbd7 8. Nbd2 0-0 9. Ne5 Ne4 10. Nxe4 dxe4 11. Bc4 Nxe5 12. fxe5 a6 13. a4 Qd7 14. Qb3 Bd5 15. Bd2 c6 16. Qa2 b5 17. Bb3 h6 18. c4 bxc4 19. Bxc4 Rfb8 20. b3 a5 21. Be1 Qb7 22. Qf2 f5 23. exf6 Bxf6 24. Qg3 Rf8 25. Qd6 Be7 26. Rxf8+ Rxf8 27. Qg3 Bxc4 28. bxc4 Qb2 29. Rd1 Qe2 30. Rd2 Qf1# 0-1

[Event "Warsaw YMCA Autumn-C 222nd"]
[Site "Warsaw"]
[Date "2019.10.24"]
[Round "6"]
[White "Borowski, Marek"]
[Black "Winogrodzki, Jozef"]
[Result "1-0"]
[WhiteElo "1509"]
[BlackElo "1415"]
[PlyCount "43"]
[EventDate "2019.09.19"]
[EventType "tourn"]
[EventRounds "13"]
[EventCountry "POL"]
[SourceTitle "CBM 195 Extra"]
[Source "ChessBase"]
[SourceDate "2020.05.31"]
[SourceVersion "1"]
[SourceVersionDate "2020.05.31"]
[SourceQuality "1"]

1. d4 d5 2. Nf3 Nf6 3. Bf4 e6 4. e3 Be7 5. Bd3 0-0 6. Nbd2 Nbd7 7. c4 c5 8. Rc1 b6 9. Ne5 Bb7 10. 0-0 Rc8 11. h3 Re8 12. Ndf3 Ne4 13. cxd5 exd5 14. Bb5 Nxe5 15. Bxe8 Nxf3+ 16. gxf3 Qxe8 17. fxe4 dxe4 18. dxc5 Bxc5 19. Qb3 Rc6 20. Kh2 h6 21. Rfd1 Rg6 22. Rxc5 1-0